000 01858aam a2200577 4500
005 20250603155453.0
008 150306b2009 xxu||||| |||| 00| 0 spa d
041 _aEspañol
082 _a658.403.8 C678t5
100 _aCohen Karen, Daniel
_98178
100 _aAsin Lares, Enrique
_98179
245 _aTecnologías de información en los negocios
250 _a5 edición
260 _aMéxico
260 _bMacGraw Hill
260 _c2009
300 _a339 páginas
650 _aGESTIÓN DE LA INFORMACIÓN
650 _aGESTIÓN DE EMPRESAS
650 _aSISTEMAS DE INFORMACIÓN
650 _aPROCESAMIENTO DE DATOS
650 _aTECNOLOGÍA DE INFORMACIÓN
650 _aSISTEMAS DE INFORMACIÓN EN ADMINISTRACIÓN
650 _aTOMA DE DESICIONES
650 _aNEGOCIOS
650 _aTIPOS DE SISTEMAS
650 _aESTRATEGIA DE NEGOCIOS
650 _aCOMERCIO ELECTRÓNICO
650 _aPROPIEDAD INTELECTUAL EN INTERNET
650 _aÉTICA PROFESIONAL
650 _aDERECHOS DE PROPIEDAS INTELECTUAL
650 _aÉTICA EN INTERNET
650 _aSISTEMAS INTEGRADORES
650 _aHARDWARE
650 _aSOFTWARE
650 _aCOMPONENETES BÁSICOS DE UNA COMPUTADORA
650 _aINFRAESTRUCTURA DE REDES EN LOS NEGOCIOS
650 _aCOMUNICACIÓN DE DATOS
650 _aBASES DE DATOS
650 _aTECNOLOGÍAS PARA ACCESO A INTERNET
650 _aINTERNET EN LOS NEGOCIOS
650 _aSERVICIOS EN INTERNET
650 _aDESARROLLO DE SISTEMAS
650 _aTECNOLOGÍAS DE APOYO EN LA TOMA DE DECISIONES
650 _aSISTEMAS DE EXPERTOS DE APOYO PARA LA TOMA DE DECISIONES
650 _aSISTEMAS PARA LA TOMA DE DECISIONES DE GRUPO
650 _aSISTEMAS DE INFORMACIÓN PARA EJECUTIVOS
650 _aINTELIGENCIA ARTIFICIAL
942 _cBK
_2ddc
999 _c2852
_d2852